[Event "4NCL/Div1/NWE1 vs. WGR1"]
[Site "Birmingham ENG"]
[Date "2006.03.05"]
[Round "8.1"]
[White "Morrison, Graham"]
[Black "McShane, Luke"]
[Result "0-1"]
[WhiteElo "2326"]
[BlackElo "2609"]
[PlyCount "110"]
[EventDate "2006.03.05"]
[SourceDate "2005.10.25"]

1. d4 Nf6 2. c4 g6 3. Nc3 d5 4. cxd5 Nxd5 5. e4 Nxc3 6. bxc3 c5 7. Nf3 Bg7 8.
Bb5+ Bd7 9. Bxd7+ Nxd7 10. O-O O-O 11. Bg5 Re8 12. Rb1 Qc7 13. Qd2 e6 14. h4 h5
15. Rfe1 Rac8 16. d5 e5 17. c4 Nb6 18. Qd3 Qd7 19. Rb5 Rc7 20. Be3 Bf8 21. Ng5
f6 22. Nh3 Nc8 23. f4 Qg4 24. fxe5 Rxe5 25. Bf4 Bd6 26. Bxe5 Bxe5 27. d6 Nxd6
28. Qd5+ Kg7 29. Rxc5 Re7 30. Qd3 Qxh4 31. Re2 Nf7 32. Rd5 g5 33. Rd7 Rxd7 34.
Qxd7 g4 35. Nf2 b6 36. Rd2 Qh2+ 37. Kf1 Qf4 38. Ke2 g3 39. Nd3 Qxe4+ 40. Kd1
Bc3 41. Re2 Qxc4 42. Re7 Kg6 43. Nf4+ Qxf4 44. Rxf7 Qe4 45. Rg7+ Kh6 46. Re7
Qb1+ 47. Ke2 Qxa2+ 48. Kd3 Qd2+ 49. Kc4 Qxd7 50. Rxd7 Be5 51. Rxa7 h4 52. Rb7
h3 53. Rxb6 hxg2 54. Rb1 Kg5 55. Kd3 Kf4 0-1

[Event "4NCL/Div1/NWE1 vs. WGR1"]
[Site "Birmingham ENG"]
[Date "2006.03.05"]
[Round "8.3"]
[White "van der Linden, Lukas"]
[Black "Gormally, Daniel W"]
[Result "0-1"]
[WhiteElo "2281"]
[BlackElo "2573"]
[PlyCount "62"]
[EventDate "2006.03.05"]
[SourceDate "2005.10.25"]

1. d4 Nf6 2. c4 e6 3. Nf3 c5 4. d5 d6 5. Nc3 exd5 6. cxd5 g6 7. e4 Bg7 8. h3
O-O 9. Bd3 b5 10. O-O c4 11. Bc2 b4 12. Ne2 Na6 13. Ng3 Re8 14. Re1 Nc5 15. Bf4
Qb6 16. e5 dxe5 17. Nxe5 Bb7 18. Nxc4 Rxe1+ 19. Qxe1 Qa6 20. Ne3 Nxd5 21. Nxd5
Bxd5 22. Qxb4 Rc8 23. Be3 Nd3 24. Qd2 Bc4 25. Rd1 Nxb2 26. Qd8+ Bf8 27. Ne4
Nxd1 28. Nf6+ Kh8 29. Qxd1 Bg7 30. Nh5 gxh5 31. Qxh5 Bd3 0-1

[Event "4NCL/Div1/NWE1 vs. WGR1"]
[Site "Birmingham ENG"]
[Date "2006.03.05"]
[Round "8.4"]
[White "Cramling, Pia"]
[Black "Kennaugh, Charles W"]
[Result "1/2-1/2"]
[WhiteElo "2515"]
[BlackElo "2274"]
[PlyCount "122"]
[EventDate "2006.03.05"]
[SourceDate "2005.10.25"]

1. d4 Nf6 2. Nf3 b5 3. Bg5 Bb7 4. Nbd2 a6 5. c3 e6 6. e4 h6 7. Bxf6 Qxf6 8. b4
Qg6 9. Ne5 Qg5 10. h4 Qd8 11. Qf3 Qf6 12. Qxf6 gxf6 13. Ng4 Ke7 14. Ne3 d6 15.
a4 bxa4 16. Rxa4 Nd7 17. Bd3 Bg7 18. Ke2 c5 19. bxc5 dxc5 20. Rb1 Rhb8 21. f4
cxd4 22. cxd4 Bc8 23. Nec4 Rxb1 24. Bxb1 Bf8 25. Na5 Ke8 26. Ra2 Bd6 27. e5 Bc7
28. Be4 Rb8 29. Nc6 Rb6 30. Nc4 Rb3 31. Na7 Bb7 32. Bxb7 Rxb7 33. Nc8 Kf8 34.
Rxa6 fxe5 35. dxe5 Rb8 36. N8d6 Bxd6 37. Rxd6 Ke7 38. Na5 Rb2+ 39. Kf3 Nc5 40.
Nc6+ Kf8 41. Nd4 h5 42. f5 exf5 43. Rd8+ Kg7 44. Nxf5+ Kg6 45. Nd4 Rb4 46. Rd6+
Ne6 47. Nxe6 fxe6 48. Rxe6+ Kf5 49. Rh6 Rxh4 50. g3 Rh1 51. Kg2 Re1 52. Rxh5+
Kg4 53. Kf2 Ra1 54. Rh8 Kf5 55. Re8 Ra5 56. Kf3 Ra3+ 57. Kg2 Kg4 58. e6 Ra2+
59. Kf1 Kf5 60. Kg1 Kf6 61. Kf1 Rb2 1/2-1/2

[Event "4NCL/Div1/NWE1 vs. WGR1"]
[Site "Birmingham ENG"]
[Date "2006.03.05"]
[Round "8.5"]
[White "Littlewood, John E"]
[Black "Baburin, Alexander"]
[Result "0-1"]
[WhiteElo "2275"]
[BlackElo "2511"]
[PlyCount "60"]
[EventDate "2006.03.05"]
[SourceDate "2005.10.25"]

1. e4 Nf6 2. d3 e5 3. Nf3 Nc6 4. Be2 d5 5. exd5 Nxd5 6. O-O Be7 7. Re1 O-O 8.
a3 Re8 9. Bf1 Bf8 10. Nbd2 Bg4 11. h3 Bh5 12. c3 Rb8 13. g3 f6 14. Bg2 Bf7 15.
Qc2 a5 16. Ne4 b5 17. d4 a4 18. dxe5 Nxe5 19. Nxe5 Rxe5 20. Bd2 c6 21. c4 bxc4
22. Nc3 Bg6 23. Qd1 Rxb2 24. Rxe5 fxe5 25. Bc1 Rxf2 26. Bxd5+ cxd5 27. Qxd5+
Qxd5 28. Nxd5 Re2 29. Nc3 Bc5+ 30. Kf1 Rh2 0-1

[Event "4NCL/Div1/NWE1 vs. WGR1"]
[Site "Birmingham ENG"]
[Date "2006.03.05"]
[Round "8.6"]
[White "Emms, John M"]
[Black "Lyell, Mark"]
[Result "1-0"]
[WhiteElo "2502"]
[BlackElo "2235"]
[PlyCount "79"]
[EventDate "2006.03.05"]
[SourceDate "2005.10.25"]

1. e4 c6 2. d4 d5 3. Nd2 Qb6 4. Ngf3 Bg4 5. Bd3 e6 6. O-O Nf6 7. e5 Nfd7 8. c4
Be7 9. a3 Qc7 10. Re1 dxc4 11. Nxc4 Nb6 12. Nxb6 Qxb6 13. Be3 Qc7 14. Be4 Nd7
15. Qc2 Bxf3 16. Bxf3 Nb6 17. Rad1 Qd7 18. g3 O-O 19. Be4 g6 20. Bh6 Rfd8 21.
h4 Bf8 22. Bg5 Be7 23. Bh6 Bf8 24. Bxf8 Kxf8 25. h5 Nd5 26. Kg2 Ne7 27. Rh1 Ng8
28. hxg6 fxg6 29. Rh4 Re8 30. Qc5+ Kg7 31. Rdh1 h6 32. Qc1 Rf8 33. Qe3 Qf7 34.
Rg4 Rad8 35. Rxg6+ Qxg6 36. Bxg6 Kxg6 37. Qe4+ Kg7 38. Qg4+ Kh7 39. Qxe6 Rxd4
40. Rh4 1-0

[Event "4NCL/Div1/NWE1 vs. WGR1"]
[Site "Birmingham ENG"]
[Date "2006.03.05"]
[Round "8.7"]
[White "Lund, D Brett"]
[Black "Ward, Christopher"]
[Result "1/2-1/2"]
[WhiteElo "2247"]
[BlackElo "2475"]
[PlyCount "58"]
[EventDate "2006.03.05"]
[SourceDate "2005.10.25"]

1. g3 c5 2. Bg2 Nc6 3. c4 g6 4. Nc3 Bg7 5. a3 Nf6 6. Rb1 a5 7. d3 O-O 8. Nh3 d5
9. cxd5 Bxh3 10. Bxh3 Nxd5 11. Bd2 c4 12. dxc4 Nxc3 13. Bxc3 Bxc3+ 14. bxc3 Qc7
15. Qd5 Rab8 16. Rb5 e6 17. Qe4 Na7 18. Re5 Nc6 19. Rb5 Na7 20. Re5 Rfc8 21.
O-O Qxc4 22. Qxc4 Rxc4 23. Rxa5 Nc6 24. Rb5 Rxc3 25. a4 Ra3 26. Bg2 Nd4 27. Rb2
Rxa4 28. e3 Nf5 29. Rxb7 Rxb7 1/2-1/2

[Event "4NCL/Div1/NWE1 vs. WGR1"]
[Site "Birmingham ENG"]
[Date "2006.03.05"]
[Round "8.8"]
[White "Rechel, Bernd"]
[Black "Milligan, Helen"]
[Result "1-0"]
[WhiteElo "2416"]
[BlackElo "2045"]
[PlyCount "55"]
[EventDate "2006.03.05"]
[SourceDate "2005.10.25"]

1. e4 e5 2. Nf3 Nf6 3. Nxe5 d6 4. Nf3 Nxe4 5. d3 Nf6 6. d4 d5 7. c4 Be7 8. Bd3
Nc6 9. h3 O-O 10. O-O Nb4 11. Be2 dxc4 12. Bxc4 Nbd5 13. Nc3 c6 14. Bd3 h6 15.
Re1 Be6 16. Ne5 Bd6 17. a3 Re8 18. Na4 Qc7 19. Bd2 Rad8 20. Rc1 Qb8 21. Qf3 Nd7
22. Qg3 Bxe5 23. dxe5 Kh8 24. Qh4 Nxe5 25. Bxh6 Kg8 26. Qg5 Ng6 27. Bxg6 fxg6
28. Qxg6 1-0

[Event "4NCL/Div1/SLOS1 vs. HKF1"]
[Site "Birmingham ENG"]
[Date "2006.03.05"]
[Round "8.2"]
[White "Wells, Peter K"]
[Black "Pert, Nicholas"]
[Result "1/2-1/2"]
[WhiteElo "2501"]
[BlackElo "2500"]
[PlyCount "71"]
[EventDate "2006.03.05"]
[SourceDate "2005.10.25"]

1. d4 d5 2. c4 c6 3. Nf3 Nf6 4. Nc3 dxc4 5. a4 Bf5 6. Ne5 Nbd7 7. Nxc4 Qc7 8.
g3 e5 9. dxe5 Nxe5 10. Bf4 Nfd7 11. Bg2 g5 12. Bxe5 Nxe5 13. Qd4 f6 14. O-O-O
Rd8 15. Qe3 Be7 16. Rxd8+ Kxd8 17. Nxe5 Qxe5 18. Qxa7 Ba3 19. Rd1+ Kc8 20. Qd4
Qxd4 21. Rxd4 Bc5 22. Rd2 Kc7 23. e3 Re8 24. Bf1 Bg4 25. Bd3 f5 26. Bc2 Re5 27.
Ne2 Bb4 28. Nc3 Bc5 29. h3 Bh5 30. Bd3 Bf3 31. Be2 Bg2 32. h4 h6 33. hxg5 hxg5
34. Bd1 f4 35. gxf4 gxf4 36. exf4 1/2-1/2

[Event "4NCL/Div1/SLOS1 vs. HKF1"]
[Site "Birmingham ENG"]
[Date "2006.03.05"]
[Round "8.3"]
[White "Jones, Gawain C B"]
[Black "Arkell, Keith C"]
[Result "1/2-1/2"]
[WhiteElo "2418"]
[BlackElo "2475"]
[PlyCount "80"]
[EventDate "2006.03.05"]
[SourceDate "2005.10.25"]

1. e4 c6 2. c4 d5 3. cxd5 cxd5 4. exd5 Nf6 5. Qa4+ Nbd7 6. Nc3 g6 7. Bc4 Bg7 8.
d3 O-O 9. Nf3 a6 10. Qa3 Nb6 11. Qb3 Ne8 12. O-O Nd6 13. Be3 Nd7 14. a4 Rb8 15.
Ba7 Ra8 16. Bd4 Bxd4 17. Nxd4 Qb6 18. Qxb6 Nxb6 19. Rfe1 Re8 20. Ba2 Bd7 21. a5
Na4 22. Nxa4 Bxa4 23. Rac1 Kf8 24. f4 Rac8 25. Kf2 Bd7 26. Rc3 Red8 27. Rec1
Ke8 28. Ke3 Rb8 29. b4 Rdc8 30. Rxc8+ Bxc8 31. Bc4 Bd7 32. Rb1 Rc8 {(=)} 33. b5
axb5 34. Nxb5 Bxb5 35. Bxb5+ {(=)} Kd8 36. a6 bxa6 37. Bxa6 Rc2 38. Kf3 Rc5 39.
Bc4 Nxc4 40. dxc4 Rxc4 1/2-1/2

[Event "4NCL/Div1/SLOS1 vs. HKF1"]
[Site "Birmingham ENG"]
[Date "2006.03.05"]
[Round "8.4"]
[White "Berzinsh, Roland"]
[Black "McNab, Colin A"]
[Result "0-1"]
[WhiteElo "2447"]
[BlackElo "2456"]
[PlyCount "72"]
[EventDate "2006.03.05"]
[SourceDate "2005.10.25"]

1. e4 g6 2. d4 d6 3. Nc3 Bg7 4. Be3 Nf6 5. h3 c6 6. f4 Qa5 7. Qf3 Nbd7 8. O-O-O
e5 9. dxe5 dxe5 10. f5 b5 11. Kb1 b4 12. Nce2 Nc5 13. g4 gxf5 14. exf5 e4 15.
Qf2 Na4 16. b3 Nc3+ 17. Nxc3 bxc3 18. Bc5 Nd7 19. Bd6 c5 20. a4 Bb7 21. Bc4
O-O-O 22. Bxf7 Bh6 23. Rh2 Bc6 24. Ne2 Bd2 25. Nf4 e3 26. Qf1 Nb6 27. Be5 Rhf8
28. Be6+ Kb7 29. Nd3 Ka8 30. Bc7 Rd4 31. Ne5 Be4 32. Nc4 Qb4 33. Nxb6+ Kb7 34.
Bd5+ Rxd5 35. Ka2 axb6 36. Qf4 Ra8 0-1

[Event "4NCL/Div1/SLOS1 vs. HKF1"]
[Site "Birmingham ENG"]
[Date "2006.03.05"]
[Round "8.5"]
[White "Le Roux, Jean Pierre"]
[Black "Greet, Andrew N"]
[Result "1-0"]
[WhiteElo "2497"]
[BlackElo "2423"]
[PlyCount "91"]
[EventDate "2006.03.05"]
[SourceDate "2005.10.25"]

1. c4 Nf6 2. Nf3 e6 3. d4 b6 4. a3 Ba6 5. e3 d5 6. Nc3 Bxc4 7. Bxc4 dxc4 8.
Qa4+ Nbd7 9. O-O c5 10. Rd1 cxd4 11. exd4 Bd6 12. d5 e5 13. Qc6 Bc5 14. Nxe5
O-O 15. Nxd7 Qxd7 16. Qxd7 Nxd7 17. Bf4 Rfe8 18. Bc7 Be7 19. Rd4 Rac8 20. d6
Bf6 21. Rxc4 Be5 22. Ra4 Bxc3 23. bxc3 Ra8 24. g3 f6 25. Rb4 Kf7 26. a4 Re5 27.
Kf1 Rae8 28. a5 b5 29. Rab1 a6 30. c4 bxc4 31. Rxc4 Rc5 32. Rcb4 Ree5 33. Rb7
Rc2 34. Ra7 Ree2 35. Bb6 Ke6 36. Be3 Rxe3 37. fxe3 Rxh2 38. Rbb7 Ne5 39. Rxa6
Rd2 40. Rxg7 Nf3 41. Rxh7 Kf5 42. d7 Kg4 43. Rg7+ Kf5 44. g4+ Ke4 45. Re7+ Ne5
46. Rxf6 1-0

[Event "4NCL/Div1/SLOS1 vs. HKF1"]
[Site "Birmingham ENG"]
[Date "2006.03.05"]
[Round "8.6"]
[White "Trent, Lawrence"]
[Black "Gourlay, Iain"]
[Result "1/2-1/2"]
[WhiteElo "2423"]
[BlackElo "2363"]
[PlyCount "115"]
[EventDate "2006.03.05"]
[SourceDate "2005.10.25"]

1. d4 Nf6 2. Bg5 e6 3. Nd2 h6 4. Bh4 c5 5. e3 Be7 6. Bxf6 Bxf6 7. Ne4 cxd4 8.
Nd6+ Ke7 9. Nxc8+ Qxc8 10. exd4 d5 11. Nf3 Nc6 12. c3 Qc7 13. Bd3 Rhd8 {(=)}
14. O-O Kf8 15. Re1 a6 16. Bc2 b5 17. Qd3 b4 18. Ba4 bxc3 19. Qxc3 Rac8 20.
Rac1 Qb6 21. Bxc6 Rd6 22. Qa3 Rcxc6 23. Rxc6 Qxc6 24. Ne5 Qc7 25. b3 Kg8 26.
Rc1 Qb6 27. Rc8+ Kh7 28. Qa4 Bxe5 29. dxe5 Rd8 30. Rxd8 Qxd8 31. Qxa6 Qg5 32.
Qd3+ g6 33. g3 Qxe5 34. a4 Qb2 35. Kg2 d4 36. a5 Qc3 37. Qxc3 dxc3 38. a6 c2
39. a7 c1=Q 40. a8=Q Qc3 41. Qb7 Kg7 42. b4 Qd3 43. h3 e5 44. Qb6 e4 45. Qc5 h5
46. h4 Qe2 47. Qc3+ Kf8 48. Qb3 Kg7 49. Qc3+ Kf8 50. Kg1 Qd1+ 51. Kh2 Qe2 52.
Kg2 Kg8 53. Qe3 Qc4 54. Qd2 Kh7 55. Qb2 Qb5 56. Qb1 Qe2 57. Qb3 Kg8 58. Qb1
1/2-1/2

[Event "4NCL/Div1/SLOS1 vs. HKF1"]
[Site "Birmingham ENG"]
[Date "2006.03.05"]
[Round "8.7"]
[White "Jessel, Stephen"]
[Black "Houska, Jovanka"]
[Result "0-1"]
[WhiteElo "2313"]
[BlackElo "2355"]
[PlyCount "78"]
[EventDate "2006.03.05"]
[SourceDate "2005.10.25"]

1. e4 e5 2. Nf3 Nc6 3. Bc4 Bc5 4. Bb3 Nf6 5. d3 a6 6. c3 Ba7 7. Nbd2 O-O 8. h3
d5 9. Qe2 Re8 10. Nf1 h6 11. Ng3 Be6 12. Bc2 b5 13. Nh4 Bc5 14. Qf3 Nxe4 15.
Nxe4 dxe4 16. Qxe4 Bd5 17. Qg4 Re6 18. O-O Rf6 19. Be3 Be7 20. d4 exd4 21. cxd4
Kh8 22. Qh5 Nb4 23. Bb1 Bc4 24. Rd1 Nd5 25. b3 Nxe3 26. fxe3 Be6 27. Be4 Rc8
28. Bb7 Rb8 29. Bxa6 Bd5 30. Nf5 Bf8 31. a4 Rxa6 32. axb5 Rg6 33. Nh4 Rg5 34.
Qe2 Bxb3 35. Rdb1 Be6 36. Nf3 Rg3 37. Kh2 Bd6 38. Ne5 Bxe5 39. dxe5 Qg5 0-1

[Event "4NCL/Div1/SLOS1 vs. HKF1"]
[Site "Birmingham ENG"]
[Date "2006.03.05"]
[Round "8.8"]
[White "Britton, Richard L"]
[Black "Ignacz, Maria"]
[Result "1-0"]
[WhiteElo "2297"]
[BlackElo "2238"]
[PlyCount "68"]
[EventDate "2006.03.05"]
[SourceDate "2005.10.25"]

1. e4 c5 2. Nc3 Nc6 3. g3 g6 4. Bg2 Bg7 5. d3 d6 6. f4 e6 7. Nf3 Nge7 8. O-O
O-O 9. Be3 Nd4 10. e5 Nef5 11. Bf2 Nxf3+ 12. Qxf3 Nd4 13. Qd1 dxe5 14. fxe5
Bxe5 15. Ne4 Qc7 16. c3 Nf5 17. Bxc5 Rd8 18. d4 Bg7 19. Qf3 b6 20. Ba3 Rb8 21.
g4 Nh6 22. Qh3 e5 23. Nf6+ Bxf6 24. Rxf6 Nxg4 25. Rc6 Qd7 26. Qh4 Re8 27. Rd6
Qf5 28. Bc6 g5 29. Qg3 Rf8 30. Rf1 Qc2 31. h3 Ba6 32. Re1 exd4 33. Qxg4 Qd2 34.
Qg3 dxc3 1-0

[Event "4NCL/Div1/3CS1 vs. GUI1"]
[Site "Birmingham ENG"]
[Date "2006.03.05"]
[Round "8.1"]
[White "Davies, Nigel R"]
[Black "King, Daniel J"]
[Result "0-1"]
[WhiteElo "2521"]
[BlackElo "2526"]
[PlyCount "84"]
[EventDate "2006.03.05"]
[SourceDate "2005.10.25"]

1. Nf3 b6 2. d4 Bb7 3. Bg5 Nf6 4. Bxf6 exf6 5. c4 g6 6. Nc3 f5 7. e3 Bg7 8. g3
O-O 9. Bg2 d6 10. O-O Nd7 11. Rc1 Nf6 12. d5 Ne4 13. Nd4 Re8 14. Ncb5 a6 15.
Na3 h5 16. h4 Be5 17. Nac2 Qf6 18. Ne1 Bxd4 19. exd4 Re7 20. Qd3 Rae8 21. Nc2
f4 22. Rce1 Qf5 23. Bxe4 Rxe4 24. Rxe4 Qxe4 25. Qc3 Qf5 26. Re1 Rxe1+ 27. Nxe1
Bc8 28. gxf4 Qxf4 29. Ng2 Qe4 30. Qe3 Qb1+ 31. Kh2 Bf5 32. Qe7 Qxb2 33. Qxc7
Qxf2 34. Qxd6 Qxd4 35. Qf4 Qxf4+ 36. Nxf4 Kf8 37. Ng2 Ke7 38. Kg3 Kd6 39. Kf4
Bd3 40. Ne3 f6 41. a3 b5 42. cxb5 axb5 0-1

[Event "4NCL/Div1/3CS1 vs. GUI1"]
[Site "Birmingham ENG"]
[Date "2006.03.05"]
[Round "8.2"]
[White "Rowson, Jonathan"]
[Black "Haslinger, Stewart"]
[Result "1-0"]
[WhiteElo "2599"]
[BlackElo "2426"]
[PlyCount "59"]
[EventDate "2006.03.05"]
[SourceDate "2005.10.25"]

1. d4 d5 2. Nf3 Nf6 3. c4 c6 4. Nc3 a6 5. c5 Nbd7 6. Bf4 Nh5 7. g3 g6 8. Qd2
Nxf4 9. gxf4 b6 10. cxb6 e6 11. Rc1 Nxb6 12. e3 Bb7 13. h4 c5 14. h5 Nc4 15.
Qd1 Bg7 16. hxg6 cxd4 17. gxf7+ Kxf7 18. exd4 Qf6 19. Ne5+ Ke7 20. Qa4 Qxf4 21.
Qb4+ Kd8 22. Ne2 Bf8 23. Qb6+ Nxb6 24. Nxf4 Bb4+ 25. Kd1 Re8 26. Rxh7 Re7 27.
Rh8+ Re8 28. Nxe6+ Ke7 29. Rc7+ Kxe6 30. Rh6+ 1-0

[Event "4NCL/Div1/3CS1 vs. GUI1"]
[Site "Birmingham ENG"]
[Date "2006.03.05"]
[Round "8.3"]
[White "Gordon, Stephen J"]
[Black "Kosten, Anthony C"]
[Result "1/2-1/2"]
[WhiteElo "2414"]
[BlackElo "2501"]
[PlyCount "147"]
[EventDate "2006.03.05"]
[SourceDate "2005.10.25"]

1. d4 e6 2. c4 Bb4+ 3. Nc3 c5 4. d5 Bxc3+ 5. bxc3 Qa5 6. Bd2 Nf6 7. f3 d6 8. e4
O-O 9. Ne2 Nbd7 10. Ng3 Nb6 11. Bd3 Qa4 12. Qe2 exd5 13. cxd5 c4 14. Bb1 Re8
15. O-O Nbxd5 16. Qf2 Ne7 17. Bg5 Qa5 18. Qd2 Qc5+ 19. Be3 Qc7 20. Bd4 Nd7 21.
Nh5 f6 22. Qf4 Ng6 23. Qg3 Qa5 24. e5 Ndxe5 25. f4 Nd3 26. Bxd3 cxd3 27. f5
Bxf5 28. Nxg7 Kxg7 29. Qg5 Re5 30. Bxe5 Qxe5 31. Qxf5 Qxf5 32. Rxf5 Ne5 33.
Raf1 d2 34. Rd1 Nc4 35. Kf2 Re8 36. Rf4 d5 37. Rxc4 dxc4 38. Rxd2 Re7 39. Rd4
Rc7 40. Ke3 Kf7 41. Rh4 Ke6 42. Kd4 b5 43. Re4+ Kd6 44. Rf4 Rf7 45. a4 a6 46.
axb5 axb5 47. Rf5 Kc6 48. Ke3 Kb6 49. Kd2 Ka5 50. g4 Rd7+ 51. Kc2 Re7 52. Kd2
Re6 53. Rf1 b4 54. cxb4+ Kxb4 55. Rb1+ Kc5 56. Rb7 h6 57. Rh7 Re4 58. Rxh6 Rf4
59. Rh5+ Kb4 60. Rf5 Rxg4 61. Rxf6 Rg2+ 62. Kc1 Kb3 63. Rb6+ Kc3 64. Kb1 Rxh2
65. Rc6 Rh1+ 66. Ka2 Kd3 67. Kb2 Rh2+ 68. Kc1 Kc3 69. Kb1 Rh1+ 70. Ka2 Rc1 71.
Rg6 Rd1 72. Rc6 Rd4 73. Kb1 Kd2 74. Kb2 1/2-1/2

[Event "4NCL/Div1/3CS1 vs. GUI1"]
[Site "Birmingham ENG"]
[Date "2006.03.05"]
[Round "8.4"]
[White "Conquest, Stuart C"]
[Black "Ashton, Adam G"]
[Result "1/2-1/2"]
[WhiteElo "2522"]
[BlackElo "2321"]
[PlyCount "63"]
[EventDate "2006.03.05"]
[SourceDate "2005.10.25"]

1. d4 d5 2. Nf3 Nf6 3. c4 e6 4. Bg5 c6 5. Nbd2 Nbd7 6. e3 Be7 7. Bd3 O-O 8. Rc1
c5 9. O-O b6 10. Qe2 Bb7 11. cxd5 Nxd5 12. Bxe7 Qxe7 13. Ba6 Bxa6 14. Qxa6 cxd4
15. Nxd4 Nc5 16. Qc4 a5 17. a3 Qd7 18. Rc2 Rfc8 19. Rfc1 Ne7 20. Qb5 Qxb5 21.
Nxb5 Nd3 22. Rxc8+ Rxc8 23. Rxc8+ Nxc8 24. Nc4 Kf8 25. Kf1 Ke7 {(=)} 26. Ke2
Nc5 27. f3 f6 28. Kd2 Kd7 29. e4 e5 30. Nc3 Kc6 31. Nd5 Ne6 32. Kc3 1/2-1/2

[Event "4NCL/Div1/3CS1 vs. GUI1"]
[Site "Birmingham ENG"]
[Date "2006.03.05"]
[Round "8.5"]
[White "Bentley, John L"]
[Black "Hebden, Mark L"]
[Result "1-0"]
[WhiteElo "2244"]
[BlackElo "2514"]
[PlyCount "67"]
[EventDate "2006.03.05"]
[SourceDate "2005.10.25"]

1. d4 Nf6 2. c4 g6 3. Nc3 Bg7 4. e4 d6 5. f3 O-O 6. Be3 c5 7. d5 e6 8. Nge2
exd5 9. cxd5 a6 10. a4 Nbd7 11. Ng3 Ne5 12. Be2 Bd7 13. h3 b5 14. f4 Nc4 15.
Bxc4 bxc4 16. O-O Rb8 17. Qe2 Re8 18. Rae1 Rb4 19. Qf2 Qb8 20. Re2 Rb3 21. Kh1
Rxc3 22. bxc3 Bxa4 23. Bc1 h5 24. Rfe1 h4 25. Nf1 Nd7 26. Re3 Nb6 27. Nh2 Bd7
28. Nf3 Na4 29. Qxh4 Nxc3 30. Ng5 Na2 31. e5 dxe5 32. fxe5 Nxc1 33. e6 fxe6 34.
Rf3 1-0

[Event "4NCL/Div1/3CS1 vs. GUI1"]
[Site "Birmingham ENG"]
[Date "2006.03.05"]
[Round "8.6"]
[White "Flear, Glenn C"]
[Black "Longson, Alexander"]
[Result "1-0"]
[WhiteElo "2470"]
[BlackElo "2264"]
[PlyCount "65"]
[EventDate "2006.03.05"]
[SourceDate "2005.10.25"]

1. d4 d6 2. c4 e5 3. d5 f5 4. e4 Nf6 5. exf5 Bxf5 6. Ne2 Be7 7. Ng3 Bg6 8. Nc3
O-O 9. Bd3 Bf7 10. O-O c6 11. dxc6 bxc6 12. Re1 Re8 13. Qf3 Bf8 14. Bg5 d5 15.
cxd5 cxd5 16. Bb5 Nbd7 17. Bc6 e4 18. Qd1 Rb8 19. Bxd5 Bxd5 20. Nxd5 Rb5 21.
Bxf6 Nxf6 22. Nxf6+ Qxf6 23. Nxe4 Qg6 24. Qd7 Rbe5 25. f3 Qb6+ 26. Kh1 a5 27.
b3 Qh6 28. Rac1 Bb4 29. Rc8 Rxc8 30. Qxc8+ Bf8 31. Rd1 Qe3 32. Qc4+ Kh8 33. Qf7
1-0

[Event "4NCL/Div1/3CS1 vs. GUI1"]
[Site "Birmingham ENG"]
[Date "2006.03.05"]
[Round "8.7"]
[White "Walton, Alan J"]
[Black "Cherniaev, Alexander"]
[Result "1/2-1/2"]
[WhiteElo "2197"]
[BlackElo "2472"]
[PlyCount "88"]
[EventDate "2006.03.05"]
[SourceDate "2005.10.25"]

1. d4 Nf6 2. Bg5 e6 3. e4 c5 4. e5 h6 5. Bc1 Nd5 6. c4 Nb6 7. dxc5 Bxc5 8. Qg4
Bf8 9. Nc3 Nc6 10. Nf3 d6 11. Bf4 g5 12. Bg3 h5 13. Qxg5 Qxg5 14. Nxg5 dxe5 15.
Nf3 f6 16. Bd3 Bb4 17. O-O Bxc3 18. bxc3 Na4 19. Nh4 Nc5 20. Bg6+ Kf8 21. f4
Kg7 22. Bc2 exf4 23. Bxf4 b6 24. Rf3 Ba6 25. Bd6 f5 26. Re1 Bxc4 27. Rf4 Bxa2
28. Bxc5 bxc5 29. Ra1 Bd5 30. c4 Be4 31. Bxe4 fxe4 32. Ra3 Rhf8 33. Rg3+ Kh7
34. Rxe4 Rg8 35. Ra3 e5 36. Ra6 Rac8 37. Nf5 Rc7 38. Rxe5 Rxg2+ 39. Kxg2 Nxe5
40. Rh6+ Kg8 41. Ne3 a5 42. Ra6 Nc6 43. Nd5 Rg7+ 44. Kf2 Ne5 1/2-1/2

[Event "4NCL/Div1/3CS1 vs. GUI1"]
[Site "Birmingham ENG"]
[Date "2006.03.05"]
[Round "8.8"]
[White "Ciuksyte, Dagne"]
[Black "Van Weersel, Arlette"]
[Result "1-0"]
[WhiteElo "2370"]
[BlackElo "2169"]
[PlyCount "81"]
[EventDate "2006.03.05"]
[SourceDate "2005.10.25"]

1. e4 e5 2. Nf3 Nc6 3. Bb5 a6 4. Ba4 Nf6 5. O-O b5 6. Bb3 Be7 7. Re1 O-O 8. c3
d5 9. exd5 Nxd5 10. Nxe5 Nxe5 11. Rxe5 c6 12. d3 Bd6 13. Re1 Bf5 14. Qf3 Qh4
15. g3 Qh3 16. Bxd5 cxd5 17. Bf4 Bxf4 18. Qxf4 Bxd3 19. Nd2 Rac8 20. Re5 Rc6
21. Qf3 Rh6 22. Qg2 Qxg2+ 23. Kxg2 Rd6 24. Nb3 Rc8 25. Nd4 b4 26. cxb4 Be4+ 27.
f3 f6 28. Re7 Kf8 29. Rb7 Rc4 30. Rd1 Bc2 31. Rd2 Bb1 32. b3 Rc1 33. Re2 Rd1
34. Ne6+ Rxe6 35. Rxe6 Rd2+ 36. Kg1 Rd1+ 37. Kf2 Bd3 38. Rc6 Rf1+ 39. Ke3 Bb5
40. Rc8+ Be8 41. Ke2 1-0

[Event "4NCL/Div1/BAR2 vs. BET"]
[Site "Birmingham ENG"]
[Date "2006.03.05"]
[Round "8.1"]
[White "Taylor, Martin R"]
[Black "Hunt, Adam C"]
[Result "0-1"]
[WhiteElo "2299"]
[BlackElo "2431"]
[PlyCount "78"]
[EventDate "2006.03.05"]
[SourceDate "2005.10.25"]

1. d4 Nf6 2. Bg5 e6 3. Nf3 Be7 4. Nbd2 h6 5. Bh4 O-O 6. e3 b6 7. Bd3 Bb7 8. O-O
c5 9. c3 d6 10. Re1 Nc6 11. e4 cxd4 12. cxd4 Nh5 13. Bxe7 Qxe7 14. Rc1 Rac8 15.
Qa4 a6 16. Qb3 Qd8 17. Bf1 Nf6 18. Nc4 b5 19. e5 Ne8 20. a4 bxc4 21. Qxb7 Na5
22. Qxa6 Ra8 23. Qb5 Rb8 24. Qa6 d5 25. Rb1 Qc7 26. b4 Nb3 27. a5 Rb7 28. b5
Ra7 29. Qb6 Qxb6 30. axb6 Rb7 31. Red1 Rxb6 32. Nd2 Nxd2 33. Rxd2 Nc7 34. f4
Rxb5 35. Rc1 Rfb8 36. Kf2 Rb2 37. Rdc2 R8b3 38. Be2 Nb5 39. Rxb2 Rxb2 0-1

[Event "4NCL/Div1/BAR2 vs. BET"]
[Site "Birmingham ENG"]
[Date "2006.03.05"]
[Round "8.2"]
[White "Ledger, Andrew J"]
[Black "Pritchett, Craig W"]
[Result "1/2-1/2"]
[WhiteElo "2430"]
[BlackElo "2285"]
[PlyCount "99"]
[EventDate "2006.03.05"]
[SourceDate "2005.10.25"]

1. e4 c5 2. c3 Nf6 3. e5 Nd5 4. Nf3 e6 5. Bc4 Nc6 6. O-O Be7 7. d4 cxd4 8. cxd4
d6 9. Qe2 O-O 10. a3 Qb6 11. Qe4 Na5 12. Bd3 f5 13. exf6 Nxf6 14. Qh4 Nb3 15.
Ra2 Nxc1 16. Rxc1 Bd7 17. Nc3 Rae8 18. b4 Bd8 19. Re2 a5 20. b5 d5 21. Na4 Qd6
22. Nc5 Bc8 23. Qg3 Qxg3 24. hxg3 Ng4 25. Rce1 Kf7 26. Bb1 Bf6 27. b6 g6 28.
Ba2 Re7 29. Rb1 Rd8 30. Nb3 e5 31. dxe5 Nxe5 32. Nxe5+ Rxe5 33. Rxe5 Bxe5 34.
Nxa5 Kf6 35. Nb3 d4 36. Nc5 d3 37. Rd1 Bf5 38. Nxb7 Rb8 39. Bd5 Bd4 40. Bf3
Bxb6 41. g4 Bxg4 42. Bxg4 Rxb7 43. Rxd3 Bc5 44. Bd1 Rb2 45. Rf3+ Ke5 46. Kf1
Ra2 47. a4 Ra1 48. Ke2 Ra2+ 49. Ke1 h5 50. g3 1/2-1/2

[Event "4NCL/Div1/BAR2 vs. BET"]
[Site "Birmingham ENG"]
[Date "2006.03.05"]
[Round "8.3"]
[White "Berry, Neil"]
[Black "Webb, Laurence E"]
[Result "1-0"]
[WhiteElo "2289"]
[BlackElo "2336"]
[PlyCount "99"]
[EventDate "2006.03.05"]
[SourceDate "2005.10.25"]

1. d4 Nf6 2. c4 e6 3. Nc3 Bb4 4. f3 d5 5. a3 Be7 6. e4 dxe4 7. fxe4 e5 8. d5 a5
9. Nf3 Nbd7 10. Bd3 O-O 11. Qe2 Re8 12. O-O Nf8 13. Kh1 Ng6 14. Be3 b6 15. Qd2
Bd7 16. Ne2 Ng4 17. Bg1 Nh4 18. Ng3 g6 19. Be2 h5 20. Qc3 Bd6 21. h3 Nh6 22.
Be3 Nxf3 23. Rxf3 Bf8 24. Kg1 h4 25. Nf1 f5 26. Bd3 f4 27. Bd2 Bc5+ 28. Kh1 g5
29. Nh2 Qf6 30. Raf1 Kg7 31. Qc1 g4 32. hxg4 Nxg4 33. Bxf4 exf4 34. Rxf4 Qg6
35. Nxg4 Bxg4 36. e5 Qh5 37. Bf5 Be2 38. Re1 Rxe5 39. Qc3 Rae8 40. Qh3 Bf2 41.
Rxf2 Re3 42. Qh2 Rg3 43. Rf4 Bf3 44. Rxe8 Rxg2 45. Re7+ Kg8 46. Qxg2+ Bxg2+ 47.
Kxg2 Qh6 48. Be6+ Kh8 49. Re8+ Kg7 50. Rf7+ 1-0